La costa de buenos aires : las leyes del mar /

Guardado en:
Autor Principal: Vega, Santiago G. de la
Otros Autores: Carrizo, Gustavo, il.
Formato: Libro
Publicado: Buenos Aires : Contacto Silvestre, 2005
Materias:
Etiquetas: Agregar Etiqueta
Sin Etiquetas, Sea el primero en etiquetar este registro!
LEADER 00880nam a22002655a 4500
001 CEM.cems013103
005 20090506123609.0
008 130507s2005##################000#0#####d
003 CEMS
020 |a 9872114137 
082 0 4 |a 577.7368 
100 1 |a Vega, Santiago G. de la 
245 1 0 |a La costa de buenos aires :  |b las leyes del mar /  |c Santiago G. de La Vega ; ilustraciones Gustavo R. Carrizo 
260 |a Buenos Aires :  |b Contacto Silvestre,  |c 2005 
300 |a 128 p. 
653 |a Ecología 
653 |a Ecología marina 
653 |a Costas-buenos aires (prov.) 
653 |a Costas buenos aires (prov.)-fauna 
653 |a Ecoturismo 
653 |a Recursos naturales-conservación 
653 |a Costas bonaerenses 
653 |a Costas-buenos aires (prov.)-flora 
700 1 |a Carrizo, Gustavo, il. 
859 |a CEMS  |b BIB. CEMS - 11 de abril  |h 577.7368  |i V522-1  |p 25549.09  |t Ej.1